| 000 | 01445nam a2200289Ia 4500 | ||
|---|---|---|---|
| 999 |
_c53871 _d53871 |
||
| 001 | 20922 | ||
| 003 | GE_BSU | ||
| 005 | 20221205170217.0 | ||
| 008 | 181216s2015||||ge |||||||||||||| ||geo|| | ||
| 020 | _a9789941078101 | ||
| 040 | _cGE_BSU | ||
| 041 | _ageo | ||
| 080 | _a159.96 მ–57 | ||
| 100 |
_aმერფი, ჯ. (ჯოზეფ) _912132 |
||
| 245 |
_aტელეფსიქიკა / _cჯოზეფ მერფი ; მთარგმნ.: ნინა და მარინა თურმანიძეები ; რედ. თამაზ თურმანიძე. |
||
| 264 |
_aთბილისი : _bპეგა, _c2015. |
||
| 300 |
_a184 გვ.; _b20 სმ. |
||
| 541 | _h6ლ.50თ. | ||
| 653 | _aპიროვნული ზრდა–განვითარება. | ||
| 653 | _aტელეპათია. ფსიქიკური შესაძლებლობების განვითარება. ქვეცნობიერი | ||
| 653 | _aტელეფსიქიკა | ||
| 653 | _aფსიქოლოგია | ||
| 700 |
_aთურმანიძე, ნ. (ნინა) _eმთარგმნელი _916194 |
||
| 700 |
_aთურმანიძე, მ. (მარინა) _e მთარგმნელი _916214 |
||
| 700 |
_aთურმანიძე, თ. (თამაზ), _eრედაქტორი. _916196 |
||
| 942 |
_cBK _2udc |
||